000
00291nam a22001337a 4500
008
180302b xxu||||| |||| 00| 0 eng d
020
_a
0195061233
041
_a
eng
080
_a
316
100
_a
50
101
_a
SOC
245
_a
DIVORCE An American Tradition
_c
Riley
942
_2
udc
_c
BK
999
_c
43967
_d
43967